Gilgit Buddhism Manuscripts Revised and Enlarged Compact Facsimile Edition (Record no. 13287)

MARC details
000 -LEADER
fixed length control field 00845nam a2200241 a 4500
020 ## - INTERNATIONAL STANDARD BOOK NUMBER
ISBN
082 00 - DEWEY DECIMAL CLASSIFICATION NUMBER
Classification number 294.38
Author Cutter RAG
100 ## - MAIN ENTRY--AUTHOR NAME
Author name Raghu, Vira
245 ## - TITLE STATEMENT
Title Gilgit Buddhism Manuscripts Revised and Enlarged Compact Facsimile Edition
260 ## - PUBLICATION, DISTRIBUTION, ETC. (IMPRINT)
Place of publication Delhi
Name of publisher Sri Satguru
Year of publication 1995
300 ## - PHYSICAL DESCRIPTION
Number of Pages 00p
500 ## - GENERAL NOTE
General note includes index and biblioraphy
505 2# - FORMATTED CONTENTS NOTE
Formatted contents note Index
505 2# - FORMATTED CONTENTS NOTE
Formatted contents note Index00
650 ## - SUBJECT ADDED ENTRY--TOPICAL TERM
Topical Term Buddhism-Sources
942 ## - ADDED ENTRY ELEMENTS (KOHA)
Koha item type Books
Holdings
Collection code Home library Current library Shelving location Date acquired Cost, normal purchase price Full call number Accession Number Koha item type
Reference Henry Martyn Institute Library Henry Martyn Institute Library Reference 08/31/2018 7500.00 294.38 RAG 019154 Books
Reference Henry Martyn Institute Library Henry Martyn Institute Library Reference 08/31/2018 7500.00 294.38 RAG 019155 Books
Reference Henry Martyn Institute Library Henry Martyn Institute Library Reference 08/31/2018 7500.00 294.38 RAG 019156 Books
                   Copyright © 2026 | Henry Martyn Institute | Hyderabad | TS-500052 | INDIA | Implemented by hmi.edu.in
Hit-Count:

Powered by Koha